| 000 | 00564nam a2200169Ia 4500 | ||
|---|---|---|---|
| 003 | GCL | ||
| 008 | 140319s9999 xx 000 0 ara d | ||
| 040 |
_aGCL / _cGCL |
||
| 082 | 0 | 4 |
_a301.1 _bل م |
| 100 | 1 | _aلطفى نظيم | |
| 245 | 1 | 0 |
_aالمدخل الى علم النفس الاجتماعى / _cلطفى نظيم |
| 260 |
_aالقاهرة : _bمكتبة النهضة المصرية ، _c1992 |
||
| 300 |
_aغير محدد ؛ _c24 سم |
||
| 650 | 0 | 4 | _aعلم النفس الاجتماعى |
| 650 | 0 | 4 | _aعلم النفس - دراسة |
| 942 |
_2ddc _cBK |
||
| 999 |
_c54311 _d54311 |
||